La restauración económica del mundo de la postguerra : (Registro nro. 8611)
[ vista simple ]
| 000 -LEADER | |
|---|---|
| fixed length control field | 02652nam a2200265Ia 4500 |
| 003 - CONTROL NUMBER IDENTIFIER | |
| control field | OSt |
| 005 - DATE AND TIME OF LATEST TRANSACTION | |
| control field | 20210921110541.0 |
| 008 - FIXED-LENGTH DATA ELEMENTS--GENERAL INFORMATION | |
| fixed length control field | 210310s1948 mx fr 001 0 spa d |
| 040 ## - CATALOGING SOURCE | |
| Original cataloging agency | CO-JMCR |
| Transcribing agency | CO-JMCR |
| 041 1# - LANGUAGE CODE | |
| Language code of text/sound track or separate title | spa |
| Language code of original | eng |
| 082 04 - DEWEY DECIMAL CLASSIFICATION NUMBER | |
| Classification number | 330 / |
| Item number | H399r |
| Edition number | 23 |
| 100 1# - MAIN ENTRY--PERSONAL NAME | |
| Personal name | Hawtrey, Ralph George, |
| 9 (RLIN) | 17778 |
| Relator term | autor |
| 245 13 - TITLE STATEMENT | |
| Title | La restauración económica del mundo de la postguerra : |
| Remainder of title | los peligros y las dificultades de la situación económica en la postguerra expuestos en forma clara y sencilla / |
| Statement of responsibility, etc. | R.G. Hawtrey ; traducción de Ramón Verea ; introducción de Manuel de Torres |
| 260 ## - PUBLICATION, DISTRIBUTION, ETC. | |
| Place of publication, distribution, etc. | Madrid ; México : |
| Name of publisher, distributor, etc. | Aguilar, |
| Date of publication, distribution, etc. | 1948 |
| 300 ## - PHYSICAL DESCRIPTION | |
| Extent | xx, 187 páginas ; |
| Dimensions | 18 cm. |
| 490 0# - SERIES STATEMENT | |
| Series statement | Biblioteca de Ciencias Económicas, Políticas y Sociales |
| 500 ## - GENERAL NOTE | |
| General note | Incluye índice alfabético.<br/>Título original: Economic Rebirth |
| 505 0# - FORMATTED CONTENTS NOTE | |
| Formatted contents note | La tarea a realizar -- La política del "dejad hacer" -- La guerra total -- Los controles y el nivel de vida -- El empobrecimiento -- Las prioridades en la postguerra -- Las necesidades en postguerra -- Las deficiencias críticas -- Las condiciones mundiales -- El dinero -- El crédito -- El dinero bajo las condiciones de guerra -- La guerra y la inflación -- El problema del exceso de dinero -- El empréstito forzoso -- La restricción del crédito después de un empréstito forzoso -- La deflación y la política expansionista -- El dinero caro -- Los precios y los salarios -- La limitación del gasto en capital -- El tipo de interés -- La política de salarios -- El cambio extranjero -- La intervención del cambio -- La intervención británica del cambio -- Los fondos en esterlinas de propiedad extranjera -- La libra esterlina -- Las deficiencias críticas y escaseces en relación comercio internacional -- La deuda exterior -- La posición de la Gran Bretaña -- La estimulación de las exportaciones -- La restricción de las importaciones -- Los servicios sociales y el nivel de vida -- La amortización de la deuda y las necesidades de capital -- Los subsidios por el coste de la vida -- El problema del colectivismo -- El monopolio del estado en el comercio al por mayor -- La propiedad y las instalaciones fijas -- La planificación de la oferta y la demanda -- Los recursos y la potencia de la Gran Bretaña -- La cooperación de los trabajadores -- Las intervenciones. -- ¿Se puede vivir sin la cooperación? |
| 546 ## - LANGUAGE NOTE | |
| Language note | Traducido del inglés. |
| 650 14 - SUBJECT ADDED ENTRY--TOPICAL TERM | |
| Topical term or geographic name entry element | Competencia económica internacional |
| 9 (RLIN) | 17780 |
| 650 24 - SUBJECT ADDED ENTRY--TOPICAL TERM | |
| Topical term or geographic name entry element | Política económica |
| 9 (RLIN) | 40660 |
| 700 1# - ADDED ENTRY--PERSONAL NAME | |
| Personal name | Verea, Ramón, |
| Relator term | traductor |
| 9 (RLIN) | 40661 |
| 700 1# - ADDED ENTRY--PERSONAL NAME | |
| Personal name | Torres, Manuel, |
| Relator term | autor de introducción |
| 9 (RLIN) | 37546 |
| 942 ## - ADDED ENTRY ELEMENTS (KOHA) | |
| Source of classification or shelving scheme | Dewey Decimal Classification |
| Koha item type | Books |
| Withdrawn status | Lost status | Source of classification or shelving scheme | Damaged status | Not for loan | Collection code | Home library | Current library | Date acquired | Source of acquisition | Full call number | Barcode | Date last seen | Copy number | Koha item type |
|---|---|---|---|---|---|---|---|---|---|---|---|---|---|---|
| Dewey Decimal Classification | Non-fiction | Biblioteca Pública José María del Castillo y Rada | Biblioteca Pública José María del Castillo y Rada | 04/15/2018 | Donación | 330 / H399r | 430004988 | 05/16/2024 | Ej.1 | Books |